[Event "American Cup Elimination 2023"]
[Site "Saint Louis"]
[Date "2023.03.21"]
[Round "2.7"]
[White "Caruana, Fabiano"]
[Black "Aronian, Levon"]
[Result "0-1"]
[WhiteElo "2766"]
[BlackElo "2745"]
[Annotator "TA"]
[PlyCount "56"]
[EventDate "2023.03.15"]
[EventType "k.o."]
[EventCountry "USA"]
[SourceTitle "playchess.com"]
[Source "ChessBase"]
[SourceQuality "1"]

{[%evp 11,56,7,1,-11,-10,-18,24,20,11,18,18,11,12,18,14,24,35,0,16,12,6,0,81,0,0,0,0,0,0,0,0,0,0,0,0,0,0,0,0,-147,-153,-160,-129,-132,-143,-491,-490]} 1. c4 Nf6 {[%emt 0:00:01]} 2. Nf3 e6 {[%emt 0:00:02]} 3. g3 {[%emt 0:00:01]} d5 4. d3 {[%emt 0:00:01]} Be7 {[%emt 0:00:03]} 5. Bg2 O-O {[%emt 0:00:01]} 6. O-O {[%emt 0:00:01]} c5 {[%emt 0:00:03]} 7. Ne5 {[%emt 0:00:07] A14: English Opening: 1...e6 with b3 by White.} Qc7 {[%emt 0:00:06]} 8. f4 {[%emt 0:00:04]} Nbd7 {[%emt 0:00:04]} 9. Nxd7 {[%emt 0:00:11] White has an edge.} Bxd7 {[#]} 10. e4 $146 {[%emt 0:00:05] Strongly threatening e5.} ({Predecessor:} 10. Nc3 d4 11. Ne4 Ng4 12. h3 Nh6 13. g4 f5 14. Nf2 fxg4 15. Nxg4 Nxg4 16. hxg4 {0-1 Piro,V (2067)-Petre,N (2410) EU-ch 11th Rijeka 2010 (2)}) 10... dxe4 {[%emt 0:00:05]} 11. dxe4 {[%emt 0:00:01]} Bc6 {[%emt 0:00:05]} 12. Nc3 {[%emt 0:00:01]} a6 {[%emt 0:00:08]} 13. Qe2 {[%emt 0:00:01]} Rfd8 {[%emt 0:00:07][%cal Ob7b5]} 14. g4 {[%emt 0:00:07]} h6 {[%emt 0:00:11]} 15. h4 {[%emt 0:00:05]} h5 16. gxh5 {[%emt 0:00:06]} b5 17. h6 {[%emt 0:00:23]} (17. e5 $1 $16 {[%cal Re5f6]} Bxg2 18. Kxg2 Qc6+ 19. Kh2) 17... b4 $11 {[%emt 0:00:14]} (17... gxh6 18. e5 $16 (18. cxb5 axb5 19. e5 Bxg2 $15)) 18. Nd1 {[%emt 0:00:05]} g6 {[%emt 0:00:08]} 19. Bf3 {[%emt 0:00:35] Inhibits Nh5.} Kh7 {[%emt 0:00:19]} 20. Nf2 {[%emt 0:00:02]} Nh5 $36 {[%emt 0:00:13][%mdl 2048] Black fights for an advantage.} (20... Kxh6 21. e5 Bxf3 22. Qxf3 $16) 21. Bxh5 {[%emt 0:00:07]} gxh5 22. Qxh5 {[%emt 0:00:01]} Rg8+ {[%cal Bd8g8,Bg8g6,Bg6h6][%mdl 32]} 23. Kh2 $1 {[%emt 0:00:01]} Rg6 {[%emt 0:00:16] Threatens to win with ...Rag8. Chess con chili.} 24. Be3 {[%emt 0:00:12] Hoping for Rg1.} Rf8 {[%emt 0:00:05]} (24... Rag8 $5 25. Rg1 $8 (25. Bxc5 {is a self mate.} Qxf4+ 26. Kh1 Qg3) 25... Bd6 $11) 25. Qf3 {[%emt 0:00:43] [#]} (25. Bxc5 {gets mated.} Qxf4+ 26. Kh1 Bxc5 27. Rad1 Bxf2) (25. Rg1 $1 $11) 25... f5 $1 $17 {[%emt 0:00:15] Black has more active pieces.} 26. h5 {[%emt 0:00:22]} Rxh6 {[%emt 0:00:01]} 27. Rg1 {[%emt 0:00:12] [#]} Be8 $1 {[%emt 0:00:01][%mdl 1024] Black has strong compensation. A strong pair of Bishops.} 28. Rg3 $2 {[%emt 0:00:17][%mdl 8192]} (28. Qg3 $17 {nothing else works.} Rxh5+ 29. Nh3) 28... Bxh5 {[%emt 0:00:07] Weighted Error Value: White=0.39/Black=0.08 (flawless)} 0-1

[Event "American Cup Elimination 2023"]
[Site "Saint Louis"]
[Date "2023.03.22"]
[Round "3.1"]
[White "Aronian, Levon"]
[Black "Dominguez Perez, Leinier"]
[Result "1-0"]
[WhiteElo "2745"]
[BlackElo "2743"]
[Annotator "TA"]
[PlyCount "117"]
[EventDate "2023.03.15"]
[EventType "k.o."]
[EventCountry "USA"]
[SourceTitle "playchess.com"]
[Source "ChessBase"]
[SourceQuality "1"]
[TimeControl "1500+10"]

{[%evp 9,117,27,41,18,13,12,37,44,32,39,44,33,35,19,28,25,22,0,29,44,33,27,37,31,32,21,27,14,31,24,39,48,35,21,25,11,53,0,0,0,0,0,0,0,0,0,0,0,0,0,0,0,72,66,81,59,76,78,72,66,83,74,75,79,78,0,0,0,0,-113,124,117,120,94,94,87,87,88,92,92,98,99,88,70,84,33,52,34,39,49,64,50,68,21,126,107,194,186,134,38,195,164,195,194,194,189,189,118,750,733]} 1. e4 {[%emt 0:00:03]} e5 {[%emt 0:00:02]} 2. Nf3 {[%emt 0:00:02]} Nf6 {[%emt 0:00:03]} 3. Nxe5 {[%emt 0:00:03]} d6 {[%emt 0:00:02]} 4. Nf3 {[%emt 0:00:02]} Nxe4 {[%emt 0:00:03]} 5. Bd3 {[%emt 0:00:02]} (5. d4 d5 6. Bd3 Nc6 7. O-O Be7 8. Nbd2 Bf5 9. Re1 Nxd2 10. Qxd2 Qd7 11. Bxf5 Qxf5 12. Ne5 Nd8 13. Qc3 Ne6 14. Bd2 Bd6 15. Re3 O-O-O 16. Rae1 Bxe5 17. Rxe5 Qg4 18. f4 g6 19. Qe3 Kb8 {½-½ Aronian,L (2755)-Dominguez Perez,L (2747) USA-ch Saint Louis 2022 (2)}) 5... d5 {[%emt 0:00:08]} 6. O-O {[%emt 0:00:04][%cal Bh1f1,Bf1e1,Be1e4][%mdl 32] C42: Petroff Defence: 3 Nxe5 and unusual White 3rd moves.} (6. Qe2 $5 {[%cal Rb1c3]}) 6... Be7 {[%emt 0:00:09]} 7. Re1 {[%emt 0:00:02]} O-O {[%emt 0:00:05]} 8. Bxe4 {[%emt 0:00:04] White is slightly better.} dxe4 {[%emt 0:00:02]} 9. Rxe4 {[%emt 0:00:03]} c5 {[%emt 0:00:05]} 10. d3 {[%emt 0:00:23]} Nc6 {[%emt 0:00:11]} 11. Nc3 {[%emt 0:01:03]} b6 {[%emt 0:00:27]} 12. Bf4 {[%emt 0:00:41]} Bb7 {[%emt 0:00:05]} 13. Re1 {[%emt 0:00:02] [#]} Nd4 $146 {[%emt 0:03:02]} ({Predecessor:} 13... Rc8 14. h3 Nd4 15. Nxd4 cxd4 16. Ne4 Qd5 17. f3 Rc6 18. Qd2 Rg6 19. Qf2 Rc8 {1-0 Caruana,F (2758)-Martinez Alcantara,J (2591) Chess.com Rapid CGC KO 2022 (2.3)}) 14. Nxd4 {[%emt 0:00:50]} cxd4 {[%emt 0:00:03]} 15. Ne4 {[%emt 0:00:03]} Rc8 {[%emt 0:00:43]} 16. Nd2 {[%emt 0:00:42]} Re8 {[%emt 0:01:54]} 17. f3 {[%emt 0:01:49]} h6 {[%emt 0:02:18]} 18. Bg3 {[%emt 0:03:57]} Qd5 {[%emt 0:09:36]} 19. Re2 {[%emt 0:03:12]} Bf8 {[%emt 0:02:12]} 20. Rxe8 {[%emt 0:03:29]} Rxe8 {[%emt 0:00:02]} 21. Nb3 {[%emt 0:01:42]} g5 {[%emt 0:01:24]} 22. h3 {[%emt 0:00:30]} h5 {[%emt 0:00:40]} 23. Qd2 {[%emt 0:00:38]} (23. Qf1 $1 $14) 23... g4 $1 $11 {[%emt 0:02:51]} 24. hxg4 {[%emt 0:00:02]} hxg4 {[%emt 0:00:00]} 25. Rf1 {[%emt 0:00:44]} gxf3 {[%emt 0:00:51]} 26. Rxf3 {[%emt 0:00:56]} Qh5 {[%emt 0:00:02]} 27. Rf2 {[%emt 0:00:02]} Bh6 {[%emt 0:00:47] This pair of bishops is nice.} 28. Bf4 {[%emt 0:00:02]} Bg7 {[%emt 0:00:02]} 29. Nc1 {[%emt 0:00:46][%cal Bb3c1,Bc1e2,Be2g3][%mdl 32]} Re6 {[%emt 0:00:04]} 30. Ne2 {[%emt 0:00:20]} Rg6 {[%emt 0:00:12]} (30... Qg4 $11) 31. Ng3 $16 {[%emt 0:00:26]} Qd5 {[%emt 0:00:58]} 32. b3 {[%emt 0:00:50]} Bf6 {[%emt 0:00:20] Hoping for ...Bh4.} 33. Qe2 $1 {[%emt 0:01:44]} Bc6 {[%emt 0:00:15] Inhibits Qe8+.} 34. Qh5 {[%emt 0:01:15] Prevents Bh4} Qxh5 {[%emt 0:00:26]} 35. Nxh5 {[%emt 0:00:01]} Bh4 {[%emt 0:00:15]} 36. g3 {[%emt 0:00:05]} Be7 {[%emt 0:00:25]} 37. Re2 {[%emt 0:00:43]} (37. Kf1 $16) 37... Kf8 $1 $11 {[%emt 0:00:08]} 38. Rh2 {[%emt 0:01:17]} Bf3 {[%emt 0:00:15]} 39. Be5 {[%emt 0:00:53]} (39. Bb8 $11 {remains equal.}) 39... Bg5 $2 {[%emt 0:00:20]} ({Don't do} 39... Rg5 40. Nf6 (40. Bxd4 $2 {loses.} Bxh5 41. Bf2 Bd6 $19) 40... Kg7 41. Nd7+ (41. Bxd4 $2 {too greedy.} Bxf6 42. Bxf6+ Kxf6 $19) 41... f6 42. Rf2 $16 (42. Bxd4 Rd5 $15)) (39... Re6 $1 $17 {[%cal Re6e5] and life is bright.} 40. Bg7+ (40. Bxd4 $2 Re1+ 41. Kf2 Re2+ {[%mdl 64] Skewer, Double Attack} 42. Kxf3 Rxh2 $19) 40... Kg8) 40. Bxd4 $16 {[%emt 0:00:30]} Re6 {[%emt 0:00:01] Threatens to win with ...Re1+.} 41. Nf4 {[%emt 0:01:10]} Bxf4 {[%emt 0:00:09]} 42. Rh8+ {[%emt 0:00:01]} Ke7 {[%emt 0:00:01]} 43. gxf4 {[%emt 0:00:01][%mdl 4096] Endgame KRB-KRB} Re2 {[%emt 0:00:06]} 44. Rc8 {[%emt 0:00:02]} Ke6 {[%emt 0:00:13]} 45. Rc7 {[%emt 0:00:19]} f6 {[%emt 0:00:13]} 46. a4 {[%emt 0:00:36]} Kf5 {[%emt 0:00:06]} 47. Bf2 {[%emt 0:00:16]} (47. Kf1 $16) 47... Rd2 {[%emt 0:00:19]} 48. Kf1 {[%emt 0:00:13]} Bd1 {[%emt 0:00:11]} 49. Ke1 {[%emt 0:00:13]} Rxc2 {[%emt 0:00:02]} 50. Rxa7 {[%emt 0:00:02]} Bg4 {[%emt 0:00:18]} 51. Bxb6 {[%emt 0:00:04]} (51. Re7 $1 $14 {was preferrable.}) 51... Kxf4 {[%emt 0:00:07]} (51... Re2+ $1 $11 52. Kf1 Rb2) 52. Re7 {[%emt 0:00:05]} Rb2 {[%emt 0:00:22]} (52... Bf5 $16 {was worth a try.}) 53. Re4+ $18 {[%emt 0:00:20]} Kf3 {[%emt 0:00:06]} (53... Kf5 $18 54. b4 Bf3) 54. Rb4 {[%emt 0:00:27]} (54. b4 $16) 54... f5 $2 {[%emt 0:00:12]} (54... Be6 $14) 55. a5 {[%emt 0:00:06]} Ra2 {[%emt 0:00:04]} 56. Kd1 $1 {[%emt 0:00:09] Kc1 is the strong threat.} f4 {[%emt 0:00:21] [#]} 57. Kc1 $1 {[%emt 0:00:01] Black must now prevent Kb1.} Bf5 {[%emt 0:00:06] [#]} 58. Rd4 {[%emt 0:00:13]} (58. Kb1 $1 $18 {[%cal Rb1a2]} Rd2 59. Ka1) 58... Ke2 $2 {[%emt 0:00:11][%mdl 8192]} (58... Bg6 $16 59. Kb1 Rd2) 59. Rxf4 {[%emt 0:00:02] Weighted Error Value: White=0.16 (very precise) /Black=0.22 (precise)} 1-0

[Event "American Cup Elimination 2023"]
[Site "Saint Louis"]
[Date "2023.03.22"]
[Round "3.2"]
[White "Dominguez Perez, Leinier"]
[Black "Aronian, Levon"]
[Result "1/2-1/2"]
[WhiteElo "2743"]
[BlackElo "2745"]
[Annotator "TA"]
[PlyCount "123"]
[EventDate "2023.03.15"]
[EventType "k.o."]
[EventCountry "USA"]
[SourceTitle "playchess.com"]
[Source "ChessBase"]
[SourceQuality "1"]
[TimeControl "1500+10"]

{[%evp 16,122,14,0,0,0,0,8,3,0,22,0,0,-24,-25,-21,-33,-24,-5,-12,-13,-18,-7,0,0,0,0,0,-6,-19,-24,-25,-8,-8,0,0,0,-8,-6,-8,-8,-8,0,0,0,0,0,0,0,-3,-3,-4,0,0,0,0,0,-36,79,79,79,79,74,53,173,8,8,8,8,8,8,8,8,8,8,8,8,8,8,8,8,8,265,265,265,265,265,265,265,265,265,265,265,265,265,8,8,8,38,8,8,8,8,8,8,8,8,8,8]} 1. e4 {[%emt 0:00:02]} e5 {[%emt 0:00:01]} 2. Nf3 {[%emt 0:00:02]} Nc6 {[%emt 0:00:02]} 3. Bb5 {[%emt 0:00:02]} Nf6 {[%emt 0:00:02]} 4. O-O {[%emt 0:00:03]} Nxe4 {[%emt 0:00:02]} 5. d4 {[%emt 0:00:01]} Nd6 {[%emt 0:00:02]} 6. Bxc6 {[%emt 0:00:02]} dxc6 {[%emt 0:00:01]} 7. dxe5 {[%emt 0:00:02]} Nf5 {[%emt 0:00:02]} 8. Qxd8+ {[%emt 0:00:02]} Kxd8 {[%emt 0:00:02]} 9. h3 {[%emt 0:00:01] now supersedes 9.Nc3.} Be7 {[%emt 0:00:03] C67: Ruy Lopez: Berlin Defence: 4 0-0 Nxe4.} 10. Nc3 $1 {[%emt 0:00:03]} Nh4 {[%emt 0:00:02] ...Nxf3+ would be deadly.} 11. Nxh4 {[%emt 0:00:06]} Bxh4 {[%emt 0:00:02]} 12. Be3 {[%emt 0:00:02]} h5 {[%emt 0:00:10] [#]} 13. f3 $146 {[%emt 0:00:55]} ({Predecessor:} 13. Rad1+ Ke8 14. Ne2 Be7 15. f4 f5 16. exf6 gxf6 17. f5 Kf7 18. g3 b6 19. Nc3 {1-0 Vachier Lagrave,M (2736)-So,W (2760) Speed Chess Chess.com INT blitz 2022 (2.12)}) 13... Bf5 {[%emt 0:02:04]} 14. g4 {[%emt 0:00:23]} Bxc2 {[%emt 0:00:02]} 15. Rac1 {[%emt 0:00:04]} Bh7 {[%emt 0:00:02]} 16. f4 {[%emt 0:00:18]} Re8 {[%emt 0:00:02]} 17. Rcd1+ {[%emt 0:03:20]} Kc8 {[%emt 0:00:03]} 18. Bf2 {[%emt 0:06:55]} Be7 {[%emt 0:01:40]} 19. f5 {[%emt 0:00:21]} b6 {[%emt 0:00:03]} 20. Bg3 {[%emt 0:01:17]} Kb7 {[%emt 0:00:11]} 21. Kg2 {[%emt 0:02:39]} Rad8 {[%emt 0:00:02]} 22. Rxd8 {[%emt 0:00:35]} Rxd8 {[%emt 0:00:02]} 23. Rd1 {[%emt 0:00:01]} Rxd1 {[%emt 0:01:44]} 24. Nxd1 $11 {[%emt 0:00:01][%mdl 4096] Endgame KBB-KBN} c5 {[%emt 0:02:15]} 25. Kf3 {[%emt 0:00:17]} Kc6 {[%emt 0:00:26]} 26. Ne3 {[%emt 0:01:51]} hxg4+ {[%emt 0:01:26]} 27. hxg4 {[%emt 0:00:02]} b5 {[%emt 0:00:01]} 28. Ke4 {[%emt 0:01:13]} c4 {[%emt 0:00:37]} 29. Nd5 {[%emt 0:00:44]} Bc5 {[%emt 0:01:37]} 30. Be1 {[%emt 0:01:47]} Kd7 {[%emt 0:03:00]} 31. Bb4 {[%emt 0:01:14]} Bf2 {[%emt 0:00:06]} 32. Bf8 {[%emt 0:02:09]} c6 {[%emt 0:00:14]} 33. Nb4 {[%emt 0:00:12]} g6 {[%emt 0:00:29]} 34. Na6 {[%emt 0:00:02]} gxf5+ {[%emt 0:00:34]} 35. gxf5 {[%emt 0:00:01]} Kc8 {[%emt 0:00:24]} 36. Bc5 {[%emt 0:00:37]} Kb7 {[%emt 0:03:07]} (36... Bxc5 $15 {keeps the upper hand.} 37. Nxc5 b4) 37. Bxf2 $16 {[%emt 0:00:02] And now Nc5+ would win.} Kxa6 {[%emt 0:00:02] [#] KB-KB} 38. Kf4 $1 {[%emt 0:01:44] Strongly threatening Kg5.} Kb7 {[%emt 0:00:03]} 39. Kg5 {[%emt 0:00:35] Black must now prevent Bc5.} (39. f6 $5 Bg6 40. Kg5 $16) 39... c5 {[%emt 0:02:43] [#]} 40. e6 $2 {[%emt 0:00:26]} ({Don't take} 40. Bxc5 $6 Kc6 41. Bb4 (41. Bxa7 Kd7 $16) 41... Kd7 $16) (40. f6 $1 $18 {Threatening mate with e6.} Bg6 41. Bxc5) 40... fxe6 $11 {[%emt 0:00:02][%cal Bf7e6,Be6e5][%mdl 32]} 41. f6 {[%emt 0:00:01][%cal Of6f7] White threatens f7! and mate.} Bg8 {[%emt 0:00:01]} 42. Kg6 {[%emt 0:00:01][%cal Og6g7]} e5 $1 {[%emt 0:00:01]} 43. f7 {[%emt 0:00:01]} Bxf7+ {[%emt 0:00:01]} 44. Kxf7 {[%emt 0:00:01] KB-KP} Kc6 {[%emt 0:00:33] ...Kd5 is the strong threat.} 45. Ke6 {[%emt 0:00:03]} a5 {[%emt 0:00:03]} 46. Bg3 {[%emt 0:01:51]} a4 {[%emt 0:00:47]} 47. Bxe5 {[%emt 0:00:35]} b4 {[%emt 0:00:28]} 48. Bf6 $1 {[%emt 0:00:11]} c3 $2 {[%emt 0:00:35][%mdl 8192]} 49. bxc3 $18 {[%emt 0:00:12] c4 would kill now.} bxc3 {[%emt 0:00:05]} 50. Bxc3 {[%emt 0:00:02] KB-KPP} a3 {[%emt 0:00:04]} (50... Kb7 51. Bh8 c4 52. Bc3 $18) 51. Ke5 {[%emt 0:00:11]} c4 {[%emt 0:00:01]} 52. Kd4 {[%emt 0:00:10]} Kb7 {[%emt 0:00:01]} 53. Kc5 {[%emt 0:00:03]} Ka8 {[%emt 0:00:02]} 54. Kb4 {[%emt 0:00:06]} Kb8 {[%emt 0:00:01]} 55. Kxa3 $2 {[%emt 0:00:02] KB-KP} (55. Kxc4 $18 {Hoping for Be5+.} Kb7 56. Bh8) 55... Ka8 {[%emt 0:00:01]} 56. Kb4 {[%emt 0:00:16]} Kb8 {[%emt 0:00:01]} 57. Kb5 {[%emt 0:00:01]} Ka8 {[%emt 0:00:01] The position is equal.} 58. a4 {[%emt 0:00:01][%cal Ba2a4,Ba4a5,Ba5a6,Ba6a7][%mdl 32]} Kb8 {[%emt 0:00:01]} 59. Kb6 {[%emt 0:00:02]} Ka8 {[%emt 0:00:01]} 60. a5 {[%emt 0:00:01]} Kb8 {[%emt 0:00:01]} 61. a6 {[%emt 0:00:13]} Ka8 {[%emt 0:00:01]} 62. a7 {[%emt 0:00:01] Black defended with fortune.   Weighted Error Value: White=0.19 (very precise) /Black=0.17 (very precise)} 1/2-1/2

[Event "American Cup Elimination 2023"]
[Site "Saint Louis"]
[Date "2023.03.23"]
[Round "4.1"]
[White "So, Wesley"]
[Black "Aronian, Levon"]
[Result "1/2-1/2"]
[WhiteElo "2761"]
[BlackElo "2745"]
[Annotator "TA"]
[PlyCount "152"]
[EventDate "2023.03.15"]
[EventType "k.o."]
[EventCountry "USA"]
[SourceTitle "playchess.com"]
[Source "ChessBase"]
[SourceQuality "1"]
[TimeControl "1500+10"]

{[%evp 10,152,15,15,14,15,23,29,23,0,35,8,20,26,36,35,31,24,49,16,12,0,14,17,25,26,23,9,32,35,68,69,82,77,81,73,97,100,98,104,101,99,215,124,479,261,258,260,229,14,14,8,12,15,66,65,71,64,64,64,72,64,86,81,135,122,138,136,147,79,69,43,43,43,43,43,43,28,34,34,34,34,34,0,0,0,0,0,84,110,105,114,129,118,176,148,133,153,350,194,287,263,266,275,284,310,1416,1357,1269,920,2191,1718,1511,1361,1340,0,0,0,0,0,0,0,0,0,0,0,0,0,0,0,0,0,0,0,0,0,0,0,0,0,0,0,0,0,0]} 1. d4 {[%emt 0:00:01]} Nf6 {[%emt 0:00:02]} 2. c4 {[%emt 0:00:02]} e6 {[%emt 0:00:02]} 3. Nf3 {[%emt 0:00:01]} d5 {[%emt 0:00:03]} 4. Nc3 {[%emt 0:00:02]} Nbd7 {[%emt 0:00:35]} 5. e3 {[%emt 0:00:20]} Be7 {[%emt 0:01:46]} 6. b3 {[%emt 0:00:08]} O-O {[%emt 0:01:51] D37: Queen's Gambit Declined: 5 Bf4.} 7. Bb2 {[%emt 0:00:02]} b6 {[%emt 0:00:03]} 8. Bd3 {[%emt 0:00:32] is the legacy move (8.cxd5).} Bb7 {[%emt 0:00:07] White has an edge.} 9. Qc2 {[%emt 0:00:18]} h6 {[%emt 0:00:28] [#]} 10. Rd1 $146 {[%emt 0:02:48]} ({Predecessor:} 10. h4 c5 11. Rg1 cxd4 12. exd4 Rc8 13. Qe2 Bb4 14. Kf1 dxc4 15. bxc4 Ng4 16. Ne4 {0-1 Coto Mederos,M (2348)-Yuan,Q (2373) Titled Tuesday intern op 14th Sept blitz 2021 (3)}) 10... c5 {[%emt 0:00:09]} 11. cxd5 {[%emt 0:00:05]} Nxd5 {[%emt 0:01:11]} 12. Nxd5 {[%emt 0:00:16]} Bxd5 {[%emt 0:00:03]} 13. dxc5 {[%emt 0:00:06]} Bxc5 {[%emt 0:02:56]} 14. O-O {[%emt 0:01:23] And now e4 would win.} (14. Qc3 Qf6 $11) (14. e4 $5 {[%cal Re4d5]} Bc6 15. O-O $14) 14... Qe7 {[%emt 0:01:20]} 15. Bh7+ {[%emt 0:03:19]} Kh8 {[%emt 0:00:01]} 16. Be4 {[%emt 0:00:03]} Bxe4 {[%emt 0:01:09]} 17. Qxe4 {[%emt 0:00:06]} a5 {[%emt 0:00:21]} 18. Qf4 $40 {[%emt 0:05:52][%mdl 128] White attacks.} Kh7 {[%emt 0:02:16]} 19. g4 {[%emt 0:01:23]} Nf6 {[%emt 0:03:54]} 20. g5 {[%emt 0:00:31]} hxg5 {[%emt 0:00:07]} 21. Nxg5+ {[%emt 0:01:30]} Kg8 {[%emt 0:00:03]} 22. Kh1 {[%emt 0:03:35]} Rfd8 {[%emt 0:00:19]} 23. Rxd8+ $1 {[%emt 0:00:03]} Qxd8 {[%emt 0:05:48]} 24. Rg1 $1 {[%emt 0:00:03]} Be7 {[%emt 0:00:36]} 25. e4 {[%emt 0:00:09] Hoping for e5. White has more active pieces.} Qe8 {[%emt 0:01:04] [#]} (25... e5 $16 {was worth a try.} 26. Bxe5 (26. Qxe5 Rc8 $16) 26... Rc8) 26. Qh4 {[%emt 0:02:27]} (26. Nf3 $1 $18 Qd8 27. Qh6) 26... Qc6 $2 {[%emt 0:01:42][%mdl 8192]} (26... e5 $16 {is a better chance.}) 27. f3 {[%emt 0:00:18]} (27. Rg3 $142 {Strongly threatening Rh3.} Nh5 28. Qxh5 Bxg5 {[%mdl 64] Remove Defender} 29. Qxg5 Qxe4+ 30. Kg1 Qb1+ 31. Bc1) 27... e5 $18 {[%emt 0:01:02]} 28. Bxe5 {[%emt 0:00:03][%cal Og5h7]} Ra7 {[%emt 0:00:34]} 29. Bxf6 $2 {[%emt 0:03:09]} (29. Bd4 $18 {Threatens to win with e5.} g6 30. Qf4 (30. Qh6 Bf8 $16)) 29... Bxf6 $11 {[%emt 0:00:03]} 30. Qh7+ {[%emt 0:00:03]} Kf8 {[%emt 0:00:01]} 31. Qf5 {[%emt 0:00:07]} Bxg5 {[%emt 0:00:25]} ({Black should play} 31... Kg8 $11) 32. Qxg5 {[%emt 0:00:03][%mdl 4096] Endgame KQR-KQR} f6 {[%emt 0:00:16]} 33. Qh5 {[%emt 0:00:01]} Kg8 {[%emt 0:00:08] Wards off Qh8+} 34. Rd1 {[%emt 0:00:10] White wants to mate with Rd8+.} Ra8 {[%emt 0:00:07] Repels Rd8+} 35. h4 {[%emt 0:00:12]} Qe6 {[%emt 0:00:05]} 36. Kg2 {[%emt 0:00:07] Against Qh3+} Rc8 {[%emt 0:00:01]} ({Black should try} 36... a4) 37. Kg3 $16 {[%emt 0:00:09]} Qe7 {[%emt 0:00:11]} 38. Qd5+ {[%emt 0:00:13]} Kh8 {[%emt 0:00:07]} 39. Qd6 {[%emt 0:00:16]} (39. Kh3 $142) 39... Qe8 {[%emt 0:00:07]} 40. Qxb6 {[%emt 0:00:30]} Qe5+ {[%emt 0:00:14]} 41. Kh3 {[%emt 0:00:37] Rd5 is the strong threat.} Rc3 {[%emt 0:00:06]} 42. Kg4 {[%emt 0:00:25]} Rc2 {[%emt 0:00:16]} 43. Qd8+ {[%emt 0:00:12]} Kh7 {[%emt 0:00:02]} 44. Rd2 {[%emt 0:00:00] Prevents Rg2+.} Qe6+ {[%emt 0:00:33]} 45. Kg3 {[%emt 0:00:01]} Qe5+ {[%emt 0:00:02]} 46. Kh3 {[%emt 0:00:33]} (46. Kg2 $5 {[%cal Rd2c2]} Qb2 47. Rxc2 Qxc2+ 48. Kg3 $16) 46... Rc3 {[%emt 0:00:07][%csl LRe4,LRf3]} 47. Kg2 {[%emt 0:00:15]} Qf4 {[%emt 0:00:15][%csl LRf3,LRh4]} 48. Rf2 {[%emt 0:00:01]} Rc5 {[%emt 0:00:01] [#]} (48... Qxh4 $11 49. Qd6 (49. Qd2 Rc5 $11) 49... Qg5+ 50. Qg3 Qc5) 49. Qd7 $1 {[%emt 0:00:28]} Qxh4 {[%emt 0:00:18]} 50. Qh3 {[%emt 0:00:01]} Qxh3+ {[%emt 0:00:14]} 51. Kxh3 {[%emt 0:00:01] KR-KR} g5 {[%emt 0:00:03]} (51... Rc1 $16 {might work better.}) 52. Rd2 {[%emt 0:00:15] Rd5 would be deadly.} a4 {[%emt 0:00:15]} 53. bxa4 {[%emt 0:00:25][%cal Bb3a4,Ba4a5,Ba5a6,Ba6a7][%mdl 32] aiming for Rd5.} Rc4 $2 {[%emt 0:00:01]} (53... Ra5 $16) 54. Rd6 {[%emt 0:00:15]} (54. a5 $142) 54... Kg7 {[%emt 0:00:01]} (54... f5 $142 55. exf5 Rxa4) 55. a5 $18 {[%emt 0:00:05]} Ra4 {[%emt 0:00:01]} 56. a6 {[%emt 0:00:02]} Rxa2 {[%emt 0:00:01]} 57. Kg4 {[%emt 0:00:01]} Ra5 {[%emt 0:00:01]} (57... Kf7 58. f4 gxf4 59. Kxf4 Ke7) 58. Kh5 {[%emt 0:00:08]} Kf7 {[%emt 0:00:02]} 59. Rb6 {[%emt 0:00:04]} Ra4 {[%emt 0:00:53]} 60. Rb7+ {[%emt 0:00:15]} Ke6 {[%emt 0:00:00]} 61. a7 {[%emt 0:00:01]} Ke5 {[%emt 0:00:10]} 62. Re7+ $2 {[%emt 0:00:22]} (62. Kg6 $18 Ra6 63. Kh5) 62... Kf4 $1 $11 {[%emt 0:00:30] The position is equal.} 63. Rf7 {[%emt 0:00:01]} Kxf3 {[%emt 0:00:01]} 64. e5 {[%emt 0:00:01]} Ke4 {[%emt 0:00:01]} 65. exf6 {[%emt 0:00:23]} Kf5 {[%emt 0:00:01][%csl Gg5][%cal Ra4h4]} 66. Kh6 {[%emt 0:00:00]} g4 {[%emt 0:00:00][%cal Bg5g4,Bg4g3,Bg3g2][%mdl 32]} 67. Kg7 {[%emt 0:00:46]} g3 {[%emt 0:00:02] ( -> ...g2)} 68. Rb7 {[%emt 0:00:12] f7 would kill now.} g2 {[%emt 0:00:04]} 69. Rb1 {[%emt 0:00:12] Black must now prevent f7. Chess con chili.} Rxa7+ {[%emt 0:00:15]} 70. f7 {[%emt 0:00:01] Intending Rg1 and mate.} Kf4 {[%emt 0:00:12]} 71. Kg8 {[%emt 0:00:03]} Ra8+ {[%emt 0:00:02]} 72. f8=R+ {[%emt 0:00:03]} Rxf8+ {[%emt 0:00:01]} 73. Kxf8 {[%emt 0:00:01]} Kg3 {[%emt 0:00:01]} 74. Ra1 {[%emt 0:00:01]} Kh2 {[%emt 0:00:02]} 75. Ra2 {[%emt 0:00:00]} Kh1 {[%emt 0:00:01]} 76. Rxg2 {[%emt 0:00:01]} Kxg2 {[%emt 0:00:01] Blacks defense is rewarded with a draw.   Weighted Error Value: White=0.26 (precise) /Black=0.31} 1/2-1/2